000 00567nam a2200181Ia 4500
003 GCL
008 140319s9999 xx 000 0 ara d
040 _aGCL /
_cGCL
082 0 4 _a812.043
_bس ش
100 1 _aسنية قراعة
245 1 0 _aشجرة الدر : مسرحيات تاريخية فى ثلاث مناظر /
_cسنية قراعة
300 _a81 ص
490 _a
650 0 4 _aالمسرحيات الدينية
650 0 4 _aالمسرحيات التاريخية
650 0 4 _aالادب العربى - العصر الحديث
942 _2ddc
_cBK
999 _c45550
_d45550